Word Ladder: Loves to Read Quiz Stats

Quiz Updated Oct 3, 2014

Challenge
Share
Tweet
Embed
Score 0/14 Timer 01:30
0 Plays Today
Clue 4-Letter Word % Correct
Front part of a head, from forehead to chinFACE
96.4%
Can be a sprint, long distance, or relayRACE
96.1%
Igneous, sedimentary, or metamorphicROCK
95.9%
'Castle' chess pieceROOK
95.8%
Meat from a pigPORK
94.7%
Component of a wholePART
93.1%
Opposite of an opinionFACT
92.5%
Clue 4-Letter Word % Correct
Harbor where ships dock to load or unloadPORT
91.6%
Framework of bars on which items are placedRACK
91.3%
Place of employment; labor, toilWORK
90.7%
Slightly sour; pastry often containing a fruit fillingTART
90%
With the last rung, someone who devotes much time to reading and studyingBOOK
86.6%
Sense of what is appropriate or tastefulTACT
85.2%
With the first rung, someone who devotes much time to reading and studyingWORM
81.2%

Today's Daily Dose

You're not logged in!

Compare scores with friends on all Sporcle quizzes.
Sign Up with Email
OR
Log In

You Might Also Like...

Show Comments

Extras

Top Quizzes Today


Score Distribution

Your Account Isn't Verified!

In order to create a playlist on Sporcle, you need to verify the email address you used during registration. Go to your Sporcle Settings to finish the process.